000 00675nam a22002057a 4500
005 20130617124410.0
010 _aB-512630-632
020 _a9788178243610
_c795.00
020 _a817824361x
_c795.00
035 _aB-512630-632
037 _adpl
_bBSB/Ven
082 _a5639.10954
100 _aHughes, Julie E
245 _aAnimal Kingdoms/
_cby Julie E, Hughes
260 _aRanikhet Cantt
_bPermanent Black
_c2013
270 _aHimalayana, Mall Road
_bRanikhet Cantt
_e263645
300 _a304p.
_bill.
_c22cm.(Hb)
942 _2ddc
_cEN
_h5639.10954
_mHUG
999 _c76701
_d76701